|
|
|
|
| LEADER |
01353nam a22002897a 4500 |
| 001 |
29972 |
| 003 |
BD-DhAAL |
| 005 |
20240924123822.0 |
| 008 |
151028s1995 bg ||||| |||| 00| 0 eng d |
| 040 |
|
|
|a BD-DhAAL
|c BD-DhAAL
|
| 082 |
|
|
|2 22
|a 307.1412095492
|
| 245 |
|
|
|a Peasant perceptions :
|b law.
|
| 260 |
|
|
|b
|
| 264 |
|
|
|a Dhaka :
|b BRAC,
|c 1990.
|
| 300 |
|
|
|a 56 pages ;
|c 22 cm.
|
| 490 |
|
|
|a Rural study series ;
|v 2
|
| 541 |
|
|
|a BRAC
|e 29972
|
| 610 |
|
|
|a BRAC
|9 15783
|
| 650 |
|
|
|a Rural Development
|z Bangladesh.
|9 15784
|
| 710 |
|
|
|a Bangladesh Rural Advancement Committee
|9 15785
|
| 830 |
|
|
|a Rural study series ;
|v 2
|9 15573
|
| 852 |
|
|
|a Ayesha Abed Library
|c BRAC Resource Collection
|
| 942 |
|
|
|2 ddc
|c BK
|
| 999 |
|
|
|c 35941
|d 35941
|
| 952 |
|
|
|0 0
|1 0
|2 ddc
|4 0
|6 307_141209549200000_PEA
|7 1
|9 56476
|a BRACUL
|b BRACUL
|c BRS
|d 2015-10-28
|e BRAC
|l 0
|o 307.1412095492 PEA
|p 3010029971
|r 2015-10-28
|t 1
|w 2015-10-28
|y BK
|x BRAC ; price not available in register
|
| 952 |
|
|
|0 0
|1 0
|2 ddc
|4 0
|6 307_141209549200000_PEA
|7 1
|9 56477
|a BRACUL
|b BRACUL
|c BRS
|d 2015-10-28
|e BRAC
|l 0
|o 307.1412095492 PEA
|p 3010029972
|r 2015-10-28
|t 2
|w 2015-10-28
|y BK
|x BRAC ; price not available in register
|
| 952 |
|
|
|0 0
|1 0
|2 ddc
|4 0
|6 307_141209549200000_PEA
|7 1
|9 56478
|a BRACUL
|b BRACUL
|c BRS
|d 2015-10-28
|e BRAC
|l 0
|o 307.1412095492 PEA
|p 3010029973
|r 2015-10-28
|t 3
|w 2015-10-28
|y BK
|x BRAC ; price not available in register
|